| 000 | 00865nas a2200265 4500 | ||
|---|---|---|---|
| 001 | BR9904851 | ||
| 003 | BR-BrBNA | ||
| 005 | 20231205101610.0 | ||
| 007 | ta | ||
| 008 | 230509b bl.|||p| |||| 00| 00por d | ||
| 040 |
_aBR-BrBNA _bpor _cBiblioteca Nacional de Agricultura |
||
| 041 | _a(Pt) | ||
| 072 | _aL52 | ||
| 100 | 1 | _aMachado, P.F.A. | |
| 100 | 1 | _aAquino, L.H. de | |
| 100 | 1 | _aGoncalves, T. de M. | |
| 245 | 1 | _aInfluencia de fatores de meio sobre os pesos ao nascer, 205 dias, 365 e 550 dias de idade de animais da raca Nelore, no Estado de Minas Gerais | |
| 650 | _aGado Nelore | ||
| 650 | _aGado de Corte | ||
| 650 | _aCrescimento | ||
| 650 | _aMinas Gerais | ||
| 773 | 0 |
_tCiencia e Agrotecnologia (Brazil) _xISSN 1413-7054 _g(Jul-Set 1997), v. 21(3) p. 373-385 _wBR9904851 |
|
| 909 |
_a202311 _bLúcia _c55 _dLúcia Elande |
||
| 942 |
_2AGRIS _n0 _cANA |
||
| 999 |
_c162776 _d162776 |
||